Meranie výkonu systému riadenia ľudských zdrojov diplomová práca

Salvato in:
Dettagli Bibliografici
Autore principale: Uherčíková, Natália
Ente Autore: Fakulta podnikového manažmentu EU. Katedra manažmentu
Altri autori: Blštáková, Jana, 1980-
Natura: Libro
Lingua:slovacco
Pubblicazione: Bratislava 2021
Tags: Aggiungi Tag
Nessun Tag, puoi essere il primo ad aggiungerne!!

MARC

LEADER 00000nbm a2200000 4500
001 0275474
005 20211125105336.2
041 0 |a slo 
044 |a SK 
245 1 0 |a Meranie výkonu systému riadenia ľudských zdrojov  |b diplomová práca  |c Natália Uherčíková ; školiteľ: Jana Blštáková 
264 1 |a Bratislava  |c 2021 
300 |a 54 s. 
100 1 |a Uherčíková, Natália 
700 1 |a Blštáková, Jana, 1980- 
710 2 |a Fakulta podnikového manažmentu EU. Katedra manažmentu